The factors affecting traditional cattle keepers in the management of healthy and production of quality of cattle: a case of tradtional cattle keepers of the Southern Province of Zambia (Record no. 43092)

MARC details
000 -LEADER
fixed length control field 00683nam a2200133 a 4500
008 - FIXED-LENGTH DATA ELEMENTS--GENERAL INFORMATION
fixed length control field 140612s2011 ||||||||||||||||| || u
050 ## - LIBRARY OF CONGRESS CALL NUMBER
Classification number THESIS/MBA
100 ## - MAIN ENTRY--PERSONAL NAME
Personal name Mugara, Obert
245 14 - TITLE STATEMENT
Title The factors affecting traditional cattle keepers in the management of healthy and production of quality of cattle: a case of tradtional cattle keepers of the Southern Province of Zambia
Statement of responsibility, etc. by Obert Mugara
260 ## - PUBLICATION, DISTRIBUTION, ETC.
Place of publication, distribution, etc. Kitwe:
Name of publisher, distributor, etc. Copperbelt University
Date of publication, distribution, etc. 2011
300 ## - PHYSICAL DESCRIPTION
Extent xiv, 145p.: ill.
650 ## - SUBJECT ADDED ENTRY--TOPICAL TERM
Topical term or geographic name entry element TRADITIONAL CATTLE KEEPERS--SOUTHERN PROVINCE--ZAMBIA
995 ## - RECOMMENDATION 995 [LOCAL, UNIMARC FRANCE]
-- CBU-MAIN LIBRARY (Kitwe)
-- 1
-- AVAILABLE
-- Jun 12, 2014
-- University Collection
Holdings
Withdrawn status Lost status Source of classification or shelving scheme Damaged status Not for loan Home library Current library Shelving location Date acquired Total Checkouts Full call number Barcode Date last seen Price effective from Koha item type
          CBU-MAIN LIBRARY, KITWE. CBU-MAIN LIBRARY, KITWE.   11/30/2022   THESIS/MBA B1444 11/30/2022 11/30/2022 MONOGRAPH